Zin tig. (Record no. 89572)

MARC details
000 -LEADER
fixed length control field 00568cam a22002052 4500
001 - CONTROL NUMBER
control field sa 68020718
003 - CONTROL NUMBER IDENTIFIER
control field DLC
005 - DATE AND TIME OF LATEST TRANSACTION
control field 20260227112727.0
008 - FIXED-LENGTH DATA ELEMENTS--GENERAL INFORMATION
fixed length control field 840917s1965 ii 000 0 tibo
010 ## - LIBRARY OF CONGRESS CONTROL NUMBER
LC control number sa 68020718
040 ## - CATALOGING SOURCE
Original cataloging agency DLC
Transcribing agency CarP
Modifying agency DLC
043 ## - GEOGRAPHIC AREA CODE
Geographic area code a-cc-ti
050 00 - LIBRARY OF CONGRESS CALL NUMBER
Classification number R603.T5
Item number K66 1965
100 0# - MAIN ENTRY--PERSONAL NAME
Personal name Koṅ-sprul Blo-gros-mthaʼ-yas,
Dates associated with a name 1813-1899.
245 10 - TITLE STATEMENT
Title Zin tig.
260 ## - PUBLICATION, DISTRIBUTION, ETC.
Place of publication, distribution, etc. Dharamsala,
Name of publisher, distributor, etc. Council of Religious Affairs of H. H. the Dalai Lama,
Date of publication, distribution, etc. 1965]
300 ## - PHYSICAL DESCRIPTION
Extent 4, 217 p.
Dimensions 17 cm.
500 ## - GENERAL NOTE
General note Romanized.
650 #0 - SUBJECT ADDED ENTRY--TOPICAL TERM
Topical term or geographic name entry element Medicine, Tibetan.

No items available.

Powered by Koha